Bachillerato: estructura y contenidos
Salvato in:
| Ente Autore: | |
|---|---|
| Natura: | Libro |
| Lingua: | spagnolo |
| Pubblicazione: |
Madrid
Ministerio de Educación y Ciencia
1991
|
| Soggetti: | |
| Tags: |
Aggiungi Tag
Nessun Tag, puoi essere il primo ad aggiungerne!!
|
MARC
| LEADER | 00000nam a2200000 a 4500 | ||
|---|---|---|---|
| 001 | UCH4645 | ||
| 003 | CL-VaPUC | ||
| 008 | 090827e19910000SP |||||||||||||||||spa|d | ||
| 020 | |a 8436919688 | ||
| 082 | 0 | 4 | |a 370 |b MIN |2 21 |
| 110 | 2 | |a Ministerio de Educación y Ciencia |e author |9 540298 | |
| 245 | 1 | 0 | |a Bachillerato: estructura y contenidos |
| 300 | |a 350 p | ||
| 942 | |c BK | ||
| 945 | |d 20090827 00:00:00 |a dcastane | ||
| 260 | |a Madrid |b Ministerio de Educación y Ciencia |c 1991 | ||
| 650 | 0 | |a Bachilleratos |9 341184 | |
| 650 | 0 | |a Libertad de enseñanza |9 311567 | |
| 583 | |a last modification |c 20090827 00:00:00 |k Rodrigo Vera | ||
| 999 | |c 335919 |d 335917 | ||
| 952 | |0 0 |1 0 |4 0 |6 370_000000000000000_MIN_1991 |7 0 |8 A |9 426771 |a BIBEDU |b BIBEDU |d 2019-11-22 |i 4594770 |o 370 MIN 1991 |p 4594770 |r 2019-11-22 |w 2019-11-22 |y BK |k BME | ||